000
00311nam a22001337a 4500
008
170425b xxu||||| |||| 00| 0 eng d
020
_a
0471839582
041
_a
eng
080
_2
4TH
_a
54
100
_a
12
101
_a
SHM
245
_a
BAILEY'S INDUSTRIAL OIL AND FAT PRODUCTS
_c
ALLEN, R.R
942
_2
udc
_c
BK
999
_c
11956
_d
11956